000 00586nam a22002177a 4500
003 UA-OsUOA
001 68116
007 ta
008 20100407b un ||||| |||| 00| 0 ukr d
100 _aСвященник Алексий Ястребов
090 _a2
_bС25
942 _cSA
040 _aUA-OsUOA
_brus
_cUA-OsUOA
_dUA-OsUOA
245 _aПравославие в Венеции
300 _aС.205-223
955 _a0
041 _arus
080 _a2
773 0 _w68115
_tЦерьковь и время
_dМ.
_d2009
_g4
650 7 _a2 Релігія. Теологія.
_2UDC
999 _c354260
_d354260